[Event "PRC-ch"]
[Site "?"]
[Date "1987.??.??"]
[Round "?"]
[White "Liu Wenzhe"]
[Black "Chen De"]
[Result "0-1"]
[WhiteElo "2400"]
[BlackElo "2345"]

1.e4 e6 2.d4 d5 3.Nc3 Nf6 4.e5 Nfd7 5.f4 c5 6.Nf3 Nc6 7.dxc5 Bxc5 8.Bd3 f5
9.a3 Nd4 10.Nxd4 Bxd4 11.Nb5 Bc5 12.b4 a6 13.bxc5 axb5 14.Be3 Qc7 15.O-O O-O
16.Bxb5 Nxc5 17.c4 d4 18.Bxd4 Rd8 19.Ra2 Bd7 20.Rd2 Bxb5 21.cxb5 Ne4 22.Rd3 Qc4
23.Rff3 Rd5 24.Bf2 Rad8 25.Rxd5 Rxd5 26.Qe1 Qc2 27.Qa5 Rd1+ 28.Be1 h6 29.h4 Qe2
30.Rf1 Ng3  0-1

[Event "Reggio Emilia8788-B"]
[Site "Reggio Emilia"]
[Date "1987.??.??"]
[Round "3"]
[White "Wagman, Stuart"]
[Black "Anceschi, Vittorio"]
[Result "1-0"]
[WhiteElo "2265"]
[BlackElo "2310"]

1.e4 e6 2.d4 d5 3.Nc3 Nf6 4.e5 Ne4 5.Bd3 Nxc3 6.bxc3 c5 7.Nf3 c4 8.Be2 Qa5
9.Qd2 Nc6 10.O-O h6 11.a4 Bd7 12.Ba3 Bxa3 13.Rxa3 O-O-O 14.Rb1 Ne7 15.Rb4 Kb8
16.Qc1 Qc7 17.Ra1 Nc6 18.Rbb1 Na5 19.Bf1 Ka8 20.Qe3 Rb8 21.g3 b6 22.Bg2 Rb7
23.Nd2 Rhb8 24.f4 b5 25.axb5 Rxb5 26.Rxb5 Rxb5 27.Qe1 Nb7 28.Nf1 Qd8 29.Ne3 a5
30.f5 Ka7 31.Qf2 Qe7 32.f6 gxf6 33.exf6 Qd6 34.Ng4 Qb6 35.Qe1 e5 36.Nxe5 Bf5
37.Nxf7 Qxf6 38.Qe8 Qb6 39.Re1 a4 40.Ne5 Nd8 41.Qxd8 Qxd8 42.Nc6+ Kb6 43.Nxd8 Bxc2
44.Ra1 Rb3 45.Bxd5 Rxc3 46.Nc6 Bb3 47.Ne5 Kb5 48.Kf2 Rc2+ 49.Ke3 Kb4 50.Bc6 Rxh2
51.d5 Rg2 52.d6 Rxg3+ 53.Kd4 Rg8 54.d7 c3 55.Bd5 Bxd5 56.Kxd5 c2 57.Nd3+ Kc3
58.Ne1 Kb3 59.Nxc2 h5 60.Nd4+ Kb4 61.Nc6+ Kb3 62.Re1 a3 63.Re3+ Kb2 64.Nb4  1-0

[Event "FRA-ch"]
[Site "Rouen"]
[Date "1987.??.??"]
[Round "8"]
[White "Degraeve, Jean Marc"]
[Black "Mayer, J."]
[Result "1/2-1/2"]
[WhiteElo "2310"]
[BlackElo "2200"]

1.e4 e6 2.d4 d5 3.Nc3 Nf6 4.e5 Nfd7 5.f4 c5 6.Nf3 Nc6 7.Be3 a6 8.Qd2 b5 9.dxc5 Bxc5
10.Bxc5 Nxc5 11.Nd4 Bb7 12.Nxc6 Bxc6 13.Qd4 Ne4 14.Nxe4 dxe4 15.Qxd8+ Rxd8
16.Rd1 Ke7 17.Rxd8 Rxd8 18.Be2 f6 19.exf6+ gxf6 20.Kf2 e3+ 21.Kxe3 Bxg2 22.Rg1  1/2-1/2

[Event "Rilton Cup"]
[Site "Stockholm"]
[Date "1987.??.??"]
[Round "?"]
[White "Raaste, Eero J"]
[Black "Hartman, Christer"]
[Result "1/2-1/2"]
[WhiteElo "2405"]
[BlackElo "2295"]

1.e4 e6 2.d4 d5 3.Nc3 Nf6 4.e5 Nfd7 5.f4 c5 6.Nf3 Nc6 7.Be3 cxd4 8.Nxd4 Bc5
9.Qd2 O-O 10.O-O-O Qe7 11.Be2 Nb6 12.h4 Bd7 13.h5 Rac8 14.Ndb5 f5 15.Bxc5 Qxc5
16.Nd6 Rb8 17.a3 a5 18.Rhg1 Ne7 19.Bb5 Bc6 20.g4 Nc4 21.Nxc4 dxc4 22.Qd4 Qxd4
23.Rxd4 Bxb5 24.Nxb5 fxg4 25.Rxg4 Nf5 26.Rd7 Rf7 27.Rxf7 Kxf7 28.Rg2 Rd8
29.Rd2 Rd5 30.a4 Ng3 31.Nd6+ Ke7 32.Nc8+ Kd8 33.Rxd5+ exd5 34.Nd6 Ne2+ 35.Kd2 Nxf4
36.Nxb7+ Kc7 37.Nd6 Nxh5 38.Ke3 Kc6 39.Kf3 g6 40.c3 Ng7 41.Kg4 Ne6 42.Nb5 Kc5
43.Nd4 Nxd4 44.cxd4+ Kc6 45.Kg5 Kd7 46.Kf6 Ke8 47.Ke6 h5 48.Kxd5 h4  1/2-1/2

[Event "Zenica"]
[Site "Zenica"]
[Date "1987.??.??"]
[Round "?"]
[White "Horvath, Jozsef"]
[Black "Lalic, Bogdan"]
[Result "0-1"]
[WhiteElo "2470"]
[BlackElo "2440"]

1.e4 e6 2.d4 d5 3.Nc3 Nf6 4.e5 Nfd7 5.f4 c5 6.Nf3 Nc6 7.Be3 Qb6 8.Na4 Qa5+
9.c3 cxd4 10.b4 Nxb4 11.cxb4 Bxb4+ 12.Bd2 Bxd2+ 13.Nxd2 b6 14.Kf2 O-O 15.Nb2 Nc5
16.Nb3 Qa3 17.Nd3 Ne4+ 18.Kg1 Ba6 19.Nf2 Bxf1 20.Kxf1 Rac8 21.Qxd4 Rc2 22.Nxe4 dxe4
23.Qxe4 Rxa2 24.Rxa2 Qxa2 25.Qd3 h6 26.h4 Rc8 27.h5 Rc2 28.Qd8+ Kh7 29.Qd3+ g6
30.hxg6+ Kg7 31.Ke1 Qb1+ 32.Qd1 Qxb3 33.Rh3 Qc4 34.Qh5 Qb4+  0-1

[Event "Akureyri"]
[Site "Akureyri"]
[Date "1988.??.??"]
[Round "?"]
[White "Arnason, Jon L"]
[Black "Dolmatov, Sergey"]
[Result "1/2-1/2"]
[WhiteElo "2510"]
[BlackElo "2565"]

1.e4 e6 2.d4 d5 3.Nc3 Nf6 4.e5 Nfd7 5.f4 c5 6.Nf3 Nc6 7.Be3 cxd4 8.Nxd4 Bc5
9.Qd2 Bxd4 10.Bxd4 Nxd4 11.Qxd4 Qb6 12.Qxb6 Nxb6 13.Nb5 Ke7 14.Bd3 Bd7 15.Nd4 Nc4
16.b3 Na5 17.Kd2 Nc6 18.Ke3 Rac8 19.Rab1 h6 20.Nxc6+ Rxc6 21.g4 h5 22.h3 g6
23.Kd4 Rcc8 24.Rbf1 Rh6 25.f5 exf5 26.gxf5 Bxf5 27.Bxf5 gxf5 28.Rh2 Ke6 29.Rhf2 Rg6
30.Rxf5 Rxc2 31.Rxf7  1/2-1/2

[Event "Baku"]
[Site "Baku"]
[Date "1988.??.??"]
[Round "?"]
[White "Gallagher, Joseph G"]
[Black "Huzman, Alexander"]
[Result "0-1"]
[WhiteElo "2445"]
[BlackElo "2465"]

1.e4 e6 2.d4 d5 3.Nc3 Nf6 4.e5 Nfd7 5.f4 c5 6.Nf3 Nc6 7.Be3 cxd4 8.Nxd4 Bc5
9.Qd2 O-O 10.O-O-O a6 11.h4 Bxd4 12.Bxd4 b5 13.Rh3 b4 14.Ne2 Qa5 15.Kb1 Nc5
16.Bxc5 Qxc5 17.Nd4 a5 18.Nxc6 Qxc6 19.g4 Qc7 20.Re1 Re8 21.h5 Ba6 22.Bxa6 Rxa6
23.f5 exf5 24.gxf5 Rxe5 25.Rxe5 Qxe5 26.Re3 Qb8 27.Qe2 Ra8 28.h6 Qf8 29.Re7 gxh6
30.f6 Kh8 31.b3 Qg8 32.Kb2 Rf8 33.Qe5 Qg5 34.Re8 Qxe5+ 35.Rxe5 Rd8 36.Re7 h5
37.Rxf7 h4 38.Rg7 Rg8 39.Rd7 h3 40.Rxd5 h2 41.Rh5 Rg2 42.a3 Kg8 43.axb4 axb4
44.Rh4 Kf7 45.Rh6 Rf2 46.Rxh7+ Kxf6  0-1

[Event "Baku"]
[Site "Baku"]
[Date "1988.??.??"]
[Round "?"]
[White "Zolnierowicz, Krzysztof"]
[Black "Dizdar, Goran"]
[Result "0-1"]
[WhiteElo "2440"]
[BlackElo "2500"]

1.e4 e6 2.d4 d5 3.Nc3 Nf6 4.e5 Nfd7 5.f4 c5 6.Nf3 Nc6 7.Be3 a6 8.Qd2 cxd4
9.Nxd4 Bc5 10.O-O-O O-O 11.g3 Bxd4 12.Bxd4 b5 13.h4 b4 14.Ne2 a5 15.g4 Qc7
16.Kb1 Ba6 17.Ng3 Rfc8 18.Rh2 a4 19.Nh5 b3 20.cxb3 axb3 21.a3 Nxd4 22.Qxd4 Bxf1
23.Rxf1 Nb6 24.Re2 Nc4 25.f5 Ra4 26.Qd3 Qa7 27.Rc1 Ra8 28.Qc3 Rxa3 29.bxa3 Nxa3+
30.Kb2 Nc4+ 31.Kb1 b2 32.Rxb2 Na3+  0-1

[Event "Balatonbereny op"]
[Site "Balatonbereny"]
[Date "1988.??.??"]
[Round "9"]
[White "Wagman, Stuart"]
[Black "Meier, Volker"]
[Result "1/2-1/2"]
[WhiteElo "2230"]
[BlackElo "2295"]

1.e4 e6 2.d4 d5 3.Nc3 Nf6 4.e5 Nfd7 5.f4 c5 6.Nf3 Nc6 7.Be3 cxd4 8.Nxd4 Bc5
9.Qd2 O-O 10.O-O-O a6 11.g3 Bxd4 12.Bxd4 b5 13.Bh3 b4 14.Na4 a5 15.Rhe1 Qe7
16.Kb1 Bb7 17.f5 Nxd4 18.Qxd4 Kh8 19.fxe6 fxe6 20.Nb6 Nxb6 21.Qxb6 Ra6 22.Qd4 Rc6
23.Rf1 Ba6 24.Rxf8+ Qxf8 25.Rd2 Qe7 26.Rf2 Kg8 27.b3 Bc8 28.Bf1 Ba6 29.Bh3 Bc8
30.Bf1 Rc7 31.Bd3 Bd7 32.Qg4 Be8 33.Qh3 Bg6 34.Bxg6 hxg6 35.Qg4 g5 36.h4 gxh4
37.gxh4 Rc8 38.Rf6 Qc5 39.Qxe6+ Kh8 40.Rf2 Qxf2 41.Qxc8+ Kh7  1/2-1/2

[Event "Barcelona"]
[Site "Barcelona"]
[Date "1988.??.??"]
[Round "?"]
[White "Vehi Bach, Victor Manuel"]
[Black "Przewoznik, Jan"]
[Result "0-1"]
[WhiteElo "2340"]
[BlackElo "2375"]

1.e4 e6 2.d4 d5 3.Nc3 Nf6 4.e5 Nfd7 5.f4 c5 6.Nf3 Nc6 7.Be3 Qb6 8.Na4 Qa5+
9.c3 c4 10.b3 b5 11.Nc5 Nxc5 12.dxc5 Qxc3+ 13.Kf2 Qb2+ 14.Be2 Qa3 15.Nd4 Nxd4
16.Qxd4 Bd7 17.Rhb1 Rc8 18.b4 Be7 19.Bc1 Qa6 20.Bb2 O-O 21.Kg1 f6 22.a3 fxe5
23.fxe5 Be8 24.Rf1 Bg6 25.Rxf8+ Rxf8 26.Rf1 Qc6 27.Rxf8+ Kxf8 28.Qf2+ Ke8
29.h4 a5 30.h5 Be4 31.Bd4 axb4 32.axb4 Qa6 33.Qg3 Qa2 34.Bg4 Bh4 35.Qh3 Bg5
36.Kh1 Qd2 37.Bg1 c3  0-1

[Event "GMA-Open"]
[Site "Belgrade"]
[Date "1988.??.??"]
[Round "?"]
[White "Velimirovic, Dragoljub"]
[Black "Moskalenko, Viktor"]
[Result "1/2-1/2"]
[WhiteElo "2540"]
[BlackElo "2475"]

1.e4 e6 2.d4 d5 3.Nc3 Nf6 4.e5 Nfd7 5.Nce2 c5 6.c3 Nc6 7.Nf3 cxd4 8.cxd4 f6
9.Nf4 Bb4+ 10.Bd2 Qe7 11.Bxb4 Qxb4+ 12.Qd2 Qe7 13.exf6 Nxf6 14.Bd3 Ne4 15.Qe3 Qb4+
16.Kf1 O-O 17.Re1 Qxb2 18.Bxe4 dxe4 19.Qxe4 Qxa2 20.g4 Nb4 21.Re2 Qa5 22.h4 Nd5
23.Ng5 Nf6 24.Qd3 b6 25.Nh5 g6 26.Nxh7 Kxh7 27.Nf4 Ba6 28.Qxg6+ Kh8 29.Qh6+ Nh7
30.Ng6+ Kg8 31.Ne7+ Kh8  1/2-1/2

[Event "Bielsko Biala"]
[Site "Bielsko Biala"]
[Date "1988.??.??"]
[Round "5"]
[White "Gizynski, Tomasz"]
[Black "Raszka, Janusz"]
[Result "1/2-1/2"]
[WhiteElo "2325"]
[BlackElo "2305"]

1.e4 e6 2.d4 d5 3.Nc3 Nf6 4.e5 Nfd7 5.f4 c5 6.Nf3 Nc6 7.Be3 cxd4 8.Nxd4 Bc5
9.Qd2 Nxd4 10.Bxd4 Bxd4 11.Qxd4 Qb6 12.Qxb6 Nxb6 13.Nb5 Ke7 14.Nd4 Bd7 15.b3 h5
16.h4 a6 17.Bd3 g6 18.Kd2 Nc8 19.a4 Na7 20.Rhb1 Rhc8 21.b4 Nc6 22.c3 Nxd4
23.cxd4 Rc7 24.Rc1 Rac8 25.Rc5 Bc6 26.a5 Be8 27.Rac1 Rxc5 28.bxc5 Bc6  1/2-1/2

[Event "Texta"]
[Site "Budapest"]
[Date "1988.??.??"]
[Round "?"]
[White "Tatai, Stefano"]
[Black "Zueger, Beat"]
[Result "1-0"]
[WhiteElo "2365"]
[BlackElo "2445"]

1.e4 e6 2.d4 d5 3.Nc3 Nf6 4.e5 Nfd7 5.f4 c5 6.Nf3 Nc6 7.Be3 cxd4 8.Nxd4 Qb6
9.a3 Bc5 10.Ncb5 a6 11.b4 Bxd4 12.Nxd4 Qc7 13.Be2 O-O 14.O-O Nb6 15.Nxc6 Qxc6
16.Bc5 Re8 17.Bd4 Bd7 18.Bd3 g6 19.Qe1 Qc7 20.Qh4 Bb5 21.Qh6 Nc4 22.a4 Bc6
23.Rf3 Nd2 24.Rh3 f5 25.exf6 Ne4 26.Re1 b5 27.a5 Rf8 28.Ree3 Rf7 29.Bxe4 dxe4
30.Reg3 e3 31.Rxg6+ Kh8 32.Rg7 Be4 33.Qxh7+  1-0

[Event "ARG-ch"]
[Site "Buenos Aires"]
[Date "1988.??.??"]
[Round "?"]
[White "Garbarino, Rodolfo"]
[Black "Gomez Baillo, Jorge H"]
[Result "0-1"]
[WhiteElo "2330"]
[BlackElo "2405"]

1.e4 e6 2.d4 d5 3.Nc3 Nf6 4.e5 Nfd7 5.f4 c5 6.Nf3 Nc6 7.Be3 cxd4 8.Nxd4 Nc5
9.Qd2 Bd7 10.Be2 Be7 11.O-O O-O 12.Bf3 Rc8 13.Qf2 b6 14.Rad1 Nxd4 15.Bxd4 f5
16.exf6 Bxf6 17.f5 Bxd4 18.Qxd4 Rxf5 19.b4 Na4 20.Nxd5 exd5 21.Bxd5+ Kh8
22.Bb7 Nc3 23.Rfe1 Nxd1 24.Bxc8 Qxc8 25.Rxd1 Be6 26.Qd8+ Qxd8 27.Rxd8+ Bg8
28.c4 Rf4 29.c5 Rxb4 30.c6 Rc4 31.Rc8 h5 32.c7 Kh7 33.a4 Rc5  0-1

[Event "Cannes op"]
[Site "Cannes"]
[Date "1988.??.??"]
[Round "?"]
[White "Hodot, Yves"]
[Black "Miralles, Gilles"]
[Result "0-1"]
[WhiteElo "2235"]
[BlackElo "2430"]

1.e4 e6 2.d4 d5 3.Nc3 Nf6 4.e5 Nfd7 5.Nh3 c5 6.Nb5 cxd4 7.Bg5 Qa5+ 8.Qd2 Bb4
9.c3 dxc3 10.bxc3 Bc5 11.Nd6+ Bxd6 12.exd6 Nc6 13.Bd3 Qc5 14.Bf4 e5 15.Bg3 h6
16.f4 e4 17.Bf2 Qxd6 18.Bxe4 Qe7 19.O-O dxe4 20.f5 Nf6 21.Bh4 Qc5+ 22.Kh1 Bxf5
23.Qf4 Bxh3 24.gxh3 O-O-O 25.Rab1 e3  0-1

[Event "Caorle op"]
[Site "Caorle"]
[Date "1988.??.??"]
[Round "4"]
[White "Mora, Federico"]
[Black "Malloni, Marcello"]
[Result "1/2-1/2"]
[WhiteElo "2010"]
[BlackElo "2075"]

1.e4 e6 2.d4 d5 3.Nc3 Nf6 4.e5 Nfd7 5.f4 c5 6.Nf3 Nc6 7.Be3 Qb6 8.Na4 Qa5+
9.c3 cxd4 10.b4 Qc7 11.Nxd4 Nxd4 12.Bxd4 Nb8 13.Qb3 Nc6 14.Bb5 Bd7 15.Bxc6 Qxc6
16.Nb2 a5 17.a3 Qa6 18.Kf2 Be7 19.a4 axb4 20.cxb4 O-O 21.Rhe1 Rfc8 22.Kg1 Rc7
23.Rac1 Rac8 24.Rxc7 Rxc7 25.Kf2 Qa8 26.Ke3 h6 27.g3 Qc8 28.Re2 Be8 29.Rd2 f5
30.h4 Bh5 31.a5 Rc1 32.Nd3 Rc4 33.Nc5 Kf7 34.Qb2 Qc6 35.Rc2 Rxc2 36.Qxc2 Qb5
37.Qd2 Bg4 38.Kf2 Bh3 39.Nd3 Bg4 40.Nc5 Bd8 41.Be3 Bh3 42.Kg1  1/2-1/2

[Event "COL-ch"]
[Site "?"]
[Date "1988.??.??"]
[Round "14"]
[White "Garcia, Gildardo"]
[Black "Juan, G Arboleda"]
[Result "1-0"]
[WhiteElo "2430"]
[BlackElo "2325"]

1.e4 e6 2.d4 d5 3.Nc3 Nf6 4.e5 Nfd7 5.f4 c5 6.Nf3 Nc6 7.Be3 cxd4 8.Nxd4 Bc5
9.Qd2 Bxd4 10.Bxd4 Nxd4 11.Qxd4 Qb6 12.Qxb6 Nxb6 13.Nb5 Ke7 14.Kd2 a6 15.Nd4 Bd7
16.Bd3 Nc4+ 17.Bxc4 dxc4 18.g4 h5 19.h3 Rac8 20.Rag1 g6 21.Ke3 Rc5 22.h4 hxg4
23.Rxg4 b6 24.a3 Bc8 25.Rg5 Bb7 26.Rh2 Rcc8 27.h5 Rxh5 28.Rhxh5 gxh5 29.Rxh5 Rg8
30.f5 exf5 31.Nxf5+ Kd7 32.Rh7 Bd5 33.Nh6 Rf8 34.Kd4 Be6 35.Rg7 Kc6 36.Rg8 Rxg8
37.Nxg8 b5 38.Ne7+ Kd7 39.Nd5 Kc6 40.Nb4+ Kb6 41.c3 a5 42.Nd5+ Kc6 43.Ne3 Kb6
44.a4 Kc6 45.Nc2 bxa4 46.Na3 Kb6 47.Nxc4+ Kb5 48.Nd6+ Kc6 49.Ne4 Kb5 50.Nd6+ Kc6
51.Nc4 Kb5 52.Na3+ Kc6 53.c4 Bf5 54.Nb5 Bc2 55.Nc3 Bb3 56.Nd5 Bd1 57.Ne3 Bb3
58.Nf5 Bd1 59.Nh6 Bh5 60.Nf5 Bd1 61.Nd6 f6 62.Nf7 fxe5+ 63.Nxe5+ Kd6 64.c5+ Kc7
65.Nc4 Kc6 66.Nxa5+ Kb5 67.Nc4 Bf3 68.Nb6 Kb4 69.Nd5+ Bxd5 70.Kxd5 Kb3 71.c6 Kxb2
72.c7 a3 73.c8=Q a2 74.Qh8+ Kb1 75.Qh1+ Kb2 76.Qg2+ Kb1 77.Kc4  1-0

[Event "DEN-ch"]
[Site "?"]
[Date "1988.??.??"]
[Round "2"]
[White "Bjerring, Kai"]
[Black "Fries Nielsen, Jens Ove"]
[Result "1/2-1/2"]
[WhiteElo "2305"]
[BlackElo "2370"]

1.e4 e6 2.d4 d5 3.Nc3 Nf6 4.e5 Ne4 5.Nce2 f6 6.f3 Ng5 7.Bxg5 fxg5 8.f4 c5
9.fxg5 Qxg5 10.Nf3 Qe3 11.Qd3 cxd4 12.Nxd4 Qxe5 13.O-O-O Be7 14.g3 O-O 15.Bh3 Na6
16.Nf4 Nc5 17.Qa3 Qg5 18.Kb1 Ne4 19.Bxe6+ Bxe6 20.Ndxe6 Bxa3 21.Nxg5 Nxg5
22.bxa3 Ne4 23.Rd4  1/2-1/2

[Event "DSV-Turnier"]
[Site "Dresden"]
[Date "1988.??.??"]
[Round "?"]
[White "Vogt, Lothar"]
[Black "Paehtz, Thomas Sr"]
[Result "1/2-1/2"]
[WhiteElo "2485"]
[BlackElo "2515"]

1.e4 e6 2.d4 d5 3.Nc3 Nf6 4.e5 Nfd7 5.f4 c5 6.Nf3 Nc6 7.Be3 cxd4 8.Nxd4 Bc5
9.Qd2 a6 10.O-O-O Bxd4 11.Bxd4 b5 12.h4 Qa5 13.Kb1 Nxd4 14.Qxd4 b4 15.Ne2 Qc5
16.g4 a5 17.Bg2 O-O 18.g5 a4 19.Qxc5 Nxc5 20.Nd4 Bd7 21.Rh3 Rac8 22.c3 b3
23.a3 f6 24.exf6 gxf6 25.f5 exf5 26.Bxd5+ Kh8 27.Kc1 f4 28.Rh2 Rce8 29.Rg1 Nd3+
30.Kd2 Ne5 31.gxf6 Rxf6 32.Re2 Ng6 33.Rxe8+ Bxe8 34.h5 Ne7 35.Bf3 Nc6 36.Re1 Bd7
37.Bxc6 Bxc6 38.Nxc6 Rxc6 39.Re4 Rd6+ 40.Ke2 f3+ 41.Kxf3 Rd3+ 42.Kg4 Kg7
43.Rxa4 Rd2 44.Ra7+ Kh6 45.Ra6+ Kg7 46.h6+ Kf7 47.Kf5 Rf2+ 48.Ke5 Rxb2 49.Rb6 Ke7
50.Rb7+ Kd8 51.Rxh7 Kc8 52.Kd6 Rf2 53.Rc7+ Kb8 54.Rc4 Rf6+ 55.Kc5 Rxh6 56.Rb4+ Kc7
57.Rxb3 Rc6+ 58.Kb5 Rb6+ 59.Kc4 Ra6 60.Kd3 Rh6 61.c4 Rg6 62.Kc3 Ra6 63.Kb2 Ra8
64.Rb5 Rh8 65.a4 Rh4 66.Kb3 Rh1 67.Kb4 Rb1+ 68.Kc5 Rh1 69.Rb3 Rh5+ 70.Kb4 Kb6
71.Rg3 Rh1 72.Rg6+ Kc7 73.Kb5 Rb1+ 74.Kc5 Kb7 75.a5 Ra1 76.Rb6+ Kc7 77.Kb5 Rb1+
78.Ka6 Rc1 79.Rb4 Ra1 80.Kb5 Kb7 81.Rb3 Rh1 82.Rd3 Rb1+ 83.Kc5 Rh1 84.Rd7+ Ka6
85.Kc6 Kxa5 86.c5 Ka6 87.Kc7 Rh5 88.c6 Rh8 89.Re7 Ka7 90.Rg7 Ka6 91.Re7 Ka7
92.Re1 Rh7+ 93.Kd6 Rh6+ 94.Kd7 Rh7+ 95.Re7 Rh8 96.Kc7 Ka6 97.Re1 Rh7+ 98.Kd6 Rh6+
99.Kd7 Rh7+ 100.Re7 Rh8 101.Kd6  1/2-1/2

[Event "Eindhoven op"]
[Site "Eindhoven"]
[Date "1988.??.??"]
[Round "?"]
[White "Van de Oudeweetering, Arthur"]
[Black "Visser, Yge"]
[Result "1/2-1/2"]
[WhiteElo "2310"]
[BlackElo "2295"]

1.e4 e6 2.d4 d5 3.Nc3 Nf6 4.e5 Nfd7 5.f4 c5 6.Nf3 Nc6 7.Be3 a6 8.Qd2 b5 9.dxc5 Bxc5
10.Bxc5 Nxc5 11.Bd3 b4 12.Ne2 Qb6 13.Ned4 Nxd4 14.Nxd4 Bd7 15.Qf2 O-O 16.O-O Bb5
17.Rad1 Na4 18.Rb1 Nc5 19.Qe3 Bxd3 20.cxd3 Nd7 21.Nc2 Rfc8 22.Qxb6 Nxb6 23.Rfc1 a5
24.Kf2 Kf8 25.Ke2 Na4 26.Kd2 Ke7 27.Nd4 Kd7 28.Nb5 f6 29.Nd4 fxe5 30.fxe5 Rxc1
31.Rxc1 Nxb2 32.Rc6 Rf8 33.Rd6+ Kc8 34.Ke2 Na4 35.Nxe6 Nc3+ 36.Ke3 Rf1 37.Ra6 Kb7
38.Rxa5 Kb6 39.Ra8 Re1+ 40.Kf4 Rf1+ 41.Ke3 Kb7 42.Rg8 Nxa2 43.Nc5+ Kb6 44.d4 Nc3
45.Rxg7 Re1+ 46.Kd3 Rd1+ 47.Ke3 Nb5 48.Nd3 b3 49.e6 Nxd4 50.Rg8 Nxe6 51.Rb8+ Kc6
52.Rxb3 d4+ 53.Ke2  1/2-1/2

[Event "Eindhoven op"]
[Site "Eindhoven"]
[Date "1988.??.??"]
[Round "?"]
[White "Van den Berg, John"]
[Black "Tolk, Peter"]
[Result "0-1"]
[WhiteElo "2230"]
[BlackElo "2295"]

1.Nc3 e6 2.e4 d5 3.d4 Nf6 4.e5 Nfd7 5.f4 c5 6.Nf3 Nc6 7.Be3 cxd4 8.Nxd4 Nc5
9.Qd2 Bd7 10.Bd3 Be7 11.Qf2 Qa5 12.O-O Nxd4 13.Bxd4 g6 14.a3 Nxd3 15.cxd3 O-O
16.Qe3 f5 17.exf6 Bxf6 18.Rac1 Bxd4 19.Qxd4 Qb6 20.Qxb6 axb6 21.g3 Rac8 22.Na2 d4
23.Rxc8 Rxc8 24.Rc1 Kf7 25.Kf2 Rxc1 26.Nxc1 e5 27.Kf3 Ke6 28.g4 h6 29.h4 Bc6+
30.Kg3 e4 31.dxe4 Bxe4 32.Nb3 Kd5 33.Nd2 Bc2 34.g5 h5 35.Kf2 b5 36.Ke2 Bf5
37.Kf2 Bg4 38.Kg3 Bf5 39.Kg2 Be6 40.Kf3 Bg4+ 41.Kf2 b6 42.Kg3 d3 43.f5 Bxf5
44.Kf4 Bg4 45.Ke3 Be2 46.Ne4 Ke5 47.Ng3 Bg4 48.Ne4 Be6 49.Ng3 d2 50.Kxd2 Kf4
51.Ne2+ Kg4 52.Ke3 Kxh4 53.Kf4 Kh3 54.Ke5 Bf5 55.Kf6 Kg4 56.Nd4 Be4  0-1

[Event "Esbjerg-B"]
[Site "Esbjerg"]
[Date "1988.??.??"]
[Round "11"]
[White "Riemersma, Liafbern"]
[Black "Dobosz, Henryk"]
[Result "1-0"]
[WhiteElo "2380"]
[BlackElo "2410"]

1.e4 e6 2.d4 d5 3.Nc3 Nf6 4.e5 Nfd7 5.f4 c5 6.Nf3 Nc6 7.Be3 cxd4 8.Nxd4 Bc5
9.Qd2 a6 10.O-O-O Bxd4 11.Bxd4 O-O 12.h4 b5 13.h5 b4 14.Na4 Nxd4 15.Qxd4 f6
16.exf6 Qxf6 17.g3 Qxd4 18.Rxd4 a5 19.Bh3 Ra6 20.Re1 Kf7 21.Rd2 Rc6 22.f5 Nf6
23.fxe6+ Bxe6 24.Bxe6+ Rxe6 25.Rxe6 Kxe6 26.Nc5+ Kf5 27.Rf2+ Kg4 28.Ne6 Kxg3
29.Rf1 Kg2 30.Rf5 Rf7 31.Nf4+ Kg3 32.Nxd5 Kg4 33.Ne3+ Kh4 34.h6 g5 35.Nd5 g4
36.Nxf6 Kg3 37.Ne4+  1-0

[Event "FIN-chT"]
[Site "?"]
[Date "1988.??.??"]
[Round "?"]
[White "Raaste, Eero J"]
[Black "Kanko, Ilkka"]
[Result "1/2-1/2"]
[WhiteElo "2415"]
[BlackElo "2310"]

1.e4 e6 2.d4 d5 3.Nc3 Nf6 4.e5 Nfd7 5.f4 c5 6.Nf3 Nc6 7.Be3 a6 8.a3 cxd4
9.Nxd4 Bc5 10.Qd2 O-O 11.Be2 Bxd4 12.Bxd4 Nxd4 13.Qxd4 f6 14.exf6 Qxf6 15.Qxf6 Rxf6
16.O-O Nb6 17.Rad1 Bd7 18.f5 Rc8 19.fxe6 Rxf1+ 20.Bxf1 Bxe6 21.Rd4 Rc7 22.Bd3 h6
23.Ne2 Nc4 24.Nf4 Kf7 25.Bxc4  1/2-1/2

[Event "Geneve op"]
[Site "Geneve"]
[Date "1988.??.??"]
[Round "?"]
[White "Kosten, Anthony C"]
[Black "Zueger, Beat"]
[Result "0-1"]
[WhiteElo "2515"]
[BlackElo "2470"]

1.e4 e6 2.d4 d5 3.Nc3 Nf6 4.e5 Nfd7 5.f4 c5 6.Nf3 Nc6 7.Be3 cxd4 8.Nxd4 Qb6
9.Qd2 Qxb2 10.Rb1 Qa3 11.Bb5 Nxd4 12.Bxd4 Bb4 13.O-O O-O 14.Rb3 Qa5 15.Qf2 f5
16.g4 fxg4 17.Be2 Bc5 18.Rb5 Bxd4 19.Qxd4 Qc7 20.Bxg4 Nb6 21.Rc5 Qf7 22.Be2 Bd7
23.Nd1 Qg6+ 24.Kh1 Qe4+ 25.Qxe4 dxe4 26.Ne3 Bc6 27.Bg4 Rae8 28.Kg2 Na4 29.Ra5 a6
30.Rd1 Rxf4 31.Rd6 Nb6 32.Bxe6+ Kf8 33.Bb3 Rf3 34.Nd5 Nxd5 35.Bxd5 Rxe5 36.Bxc6 Rxa5
37.Bxe4 Rf6 38.Rd1 Ke7 39.Bxb7 Rxa2 40.Be4 g6 41.Rb1 Rd6 42.Kf3 Ra3+ 43.Bd3 a5
44.Ke4 Rc3 45.Rb7+ Rd7 46.Rb8 Ra7  0-1

[Event "BL2-W8788"]
[Site "Germany"]
[Date "1988.??.??"]
[Round "?"]
[White "Westerinen, Heikki MJ"]
[Black "Huelsmann, Josef"]
[Result "1-0"]
[WhiteElo "2395"]
[BlackElo "2220"]

1.e4 e6 2.d4 d5 3.Nc3 Nf6 4.e5 Nfd7 5.f4 c5 6.Nf3 Nc6 7.Be3 cxd4 8.Nxd4 Bc5
9.Qd2 Bxd4 10.Bxd4 Nxd4 11.Qxd4 Qb6 12.O-O-O Qxd4 13.Rxd4 a6 14.g3 Nb8 15.Na4 Nc6
16.Rd2 b5 17.Nc5 Ra7 18.c3 Rc7 19.b4 Ke7 20.Kb2 Rd8 21.Be2 Nb8 22.Ra1 Nd7
23.Nxd7 Bxd7 24.Rd4 Rdc8 25.Rc1 f6 26.a4 Rf8 27.exf6+ Rxf6 28.axb5 Bxb5 29.Bxb5 axb5
30.Ra1 Rf8 31.Ra5 Rb8 32.f5 Rb6 33.Rd3 Kd6 34.Ra8 exf5 35.Rd8+ Ke6 36.R8xd5 g6
37.Kb3 h5 38.Rc5 Rcb7 39.h4 Rd6 40.Rxd6+ Kxd6 41.Kc2 Rb6 42.Kd3 Rb8 43.Ke3 Re8+
44.Kf4 Re4+ 45.Kf3 Rg4 46.Rxb5 Kc6 47.Rc5+ Kd6 48.Rc8 Kd7 49.Rg8 Kc6 50.Rd8 f4
51.gxf4 Rxh4 52.Rg8 Kd5 53.Rxg6 Kc4 54.Rc6+ Kd3 55.f5 Rh1 56.f6 Rf1+ 57.Kg3 Rf5
58.c4  1-0

[Event "BL2-W8788"]
[Site "Germany"]
[Date "1988.??.??"]
[Round "?"]
[White "Huelsmann, Josef"]
[Black "Jackelen, Thomas"]
[Result "0-1"]
[WhiteElo "2220"]
[BlackElo "2315"]

1.d4 e6 2.e4 d5 3.Nc3 Nf6 4.e5 Nfd7 5.f4 c5 6.Nf3 Nc6 7.Be3 Qb6 8.Na4 Qa5+
9.c3 cxd4 10.b4 Nxb4 11.cxb4 Bxb4+ 12.Bd2 Bxd2+ 13.Nxd2 b6 14.Be2 Ba6 15.Nb2 Nc5
16.Bxa6 Qxa6 17.Nb3 Rc8 18.g3 O-O 19.Kf2 Qa3 20.Nd3 Nxd3+ 21.Qxd3 Qb2+ 22.Nd2 Rc3
23.Qe2 Re3 24.Qd1 Rc8 25.Rb1 Qa3 26.Rb3 Qxa2 27.Rxe3 dxe3+ 28.Kxe3 Rc2 29.Re1 h6
30.Re2 Qa3+ 31.Kf2 Qd3 32.Ke1 a5 33.Nf3 Qc3+ 34.Kf2 Rxe2+ 35.Kxe2 b5 36.Qd4 Qc2+
37.Nd2 a4 38.Qb4 Qc6 39.Kd3 Kh7 40.h4 Qb6 41.Qe7 Qf2 42.Qxf7 Qxg3+ 43.Kc2 Qg6+
44.Qxg6+ Kxg6 45.Kd3 a3 46.Ke3 a2 47.Nb3 b4 48.Kf3 Kh5 49.f5 exf5 50.Kf4 Kg6
51.h5+ Kf7 52.Kxf5 d4 53.Ke4 g6 54.hxg6+ Kxg6 55.Kxd4 Kf7 56.Ke4 h5  0-1

[Event "BL2-SW8788"]
[Site "Germany"]
[Date "1988.??.??"]
[Round "?"]
[White "Plewe, Till"]
[Black "Engel, Berthold"]
[Result "1/2-1/2"]
[WhiteElo "2205"]
[BlackElo "2295"]

1.e4 e6 2.d4 d5 3.Nc3 Nf6 4.e5 Ng8 5.Nf3 b6 6.Bb5+ c6 7.Ba4 Ba6 8.Be3 Ne7
9.Ne2 Qc7 10.c3 Nd7 11.O-O Rc8 12.Re1 c5 13.Ng3 Nc6 14.Rc1 Be7 15.Bg5 Qd8
16.Qd2 O-O 17.Qf4 Bd3 18.h4 h6 19.Bxe7 Qxe7 20.Re3 Bh7 21.Nh5 Bg6 22.Bxc6 Rxc6
23.Qg4 Bxh5 24.Qxh5 Qe8 25.Qg4 Kh8 26.Rce1 b5 27.h5 Qe7 28.R1e2 b4 29.cxb4 cxb4
30.Nh4 Rc1+ 31.Kh2 Rfc8 32.Rg3 Qf8 33.Rf3 Qe7 34.Rg3 Qf8  1/2-1/2

[Event "BL2-N8788"]
[Site "Germany"]
[Date "1988.??.??"]
[Round "?"]
[White "Blauert, Joerg"]
[Black "Meier, Volker"]
[Result "0-1"]
[WhiteElo "2375"]
[BlackElo "2295"]

1.e4 e6 2.d4 d5 3.Nc3 Nf6 4.e5 Nfd7 5.f4 c5 6.Nf3 Nc6 7.Be3 cxd4 8.Nxd4 Bc5
9.Qd2 O-O 10.O-O-O Nxd4 11.Bxd4 Qe7 12.Be2 a6 13.Bf3 Bxd4 14.Qxd4 Nb8 15.Bxd5 Rd8
16.Qc4 exd5 17.Nxd5 Qf8 18.Nb6 Nc6 19.Nxa8 Be6 20.Qe4 Rxa8 21.f5 Bc8 22.Rd6 Qe7
23.Kb1 Bd7 24.Rhd1 Be8 25.f6 Qf8 26.R6d3 g6 27.h4 h6 28.h5 g5 29.Qf5 Qc5
30.Rd5 Rd8 31.Rxd8 Nxd8 32.Qe4 Qc7 33.Qd5 Ne6 34.Qd6 Qxd6 35.Rxd6 Bc6 36.g3 Kf8
37.Kc1 Ke8 38.Kd2 Bf3 39.Rb6 Nd8 40.Ke3 Bxh5 41.c4 Bg4 42.Rd6 Nc6 43.Ke4 Nd8
44.b4 Be6 45.c5 Bxa2 46.Kf5 Nc6 47.Rd2 Be6+ 48.Ke4 Nxb4 49.Rh2 a5 50.Rxh6 a4
51.Rh8+ Kd7 52.Ra8 Na6 53.c6+ Kxc6 54.Rd8 a3 55.Rd6+ Kc7  0-1

[Event "Hessen-ch"]
[Site "Germany"]
[Date "1988.??.??"]
[Round "10"]
[White "Buchal, Stephan"]
[Black "Schoebel, Wolfgang"]
[Result "1-0"]
[WhiteElo "2305"]
[BlackElo "2255"]

1.e4 e6 2.d4 d5 3.Nc3 Nf6 4.e5 Nfd7 5.f4 c5 6.Nf3 Nc6 7.Be3 Qb6 8.Na4 Qa5+
9.c3 cxd4 10.b4 Nxb4 11.cxb4 Bxb4+ 12.Bd2 Bxd2+ 13.Nxd2 b6 14.Bd3 Ba6 15.Nb2 Bxd3
16.Nxd3 Nc5 17.Nf2 Ne4 18.Nxe4 dxe4 19.O-O Qd5 20.Re1 e3 21.Nf3 Rd8 22.Qa4+ b5
23.Qxa7 Rd7 24.Qa3 Qb7 25.Rad1 b4 26.Qb2  1-0